000
00316nam a22001457a 4500
003
OSt
005
20220114152249.0
008
220114b |||||||| |||| 00| 0 eng d
020
_a
8121903424
040
_c
HU
082
_a
620
100
_a
Ray
_9
18524
245
_a
A Text Book On Dynamics
942
_2
ddc
_c
BOOKS
_n
0
999
_c
27141
_d
27141